Versions of history from antiquity to the Enlightment

Αποθηκεύτηκε σε:
Λεπτομέρειες βιβλιογραφικής εγγραφής
Άλλοι συγγραφείς: Kelley, Donald R. (Επιμελητής έκδοσης)
Μορφή: Βιβλίο
Γλώσσα:English
Δημοσίευση: London : Yale University, 1991
Θέματα:
Ετικέτες: Προσθήκη ετικέτας
Δεν υπάρχουν, Καταχωρήστε ετικέτα πρώτοι!

MARC

LEADER 00000nam a2200000 i 4500
001 1/7790
008 970111s1991 eng d
020 |a 0-300-04776-2 
035 |l 10016836 
040 |a GR-MY-UA  |b gre  |e aacr 
041 0 |a eng 
082 0 |a 901 
245 1 0 |a Versions of history from antiquity to the Enlightment /  |c Edited by Donald R. Kelly 
260 |a London :   |b Yale University,   |c 1991 
300 |a 515 p. 
504 |a Includes bibliographical references and index 
650 0 0 |a History  |x Philosophy. 
700 1 |a Kelley, Donald R.  |4 edt 
852 |a INST  |b LESVOS  |e 19970111  |h 901 VER  |p 005100012267  |q 005100012267  |t BK  |y 0 
909 |a Λ  |b 049215 
950 |a 120-1996-07-16